Online katalóg knižníc regiónu Turca

Slovom srdca (Record no. 20599)

MARC details
000 -LEADER
fixed length control field 01930cam a2200553 a 4500
001 - CONTROL NUMBER
control field 20599
003 - CONTROL NUMBER IDENTIFIER
control field VRT
005 - DATE AND TIME OF LATEST TRANSACTION
control field 20260127110259.0
008 - FIXED-LENGTH DATA ELEMENTS--GENERAL INFORMATION
fixed length control field 240226s2013 xo 000 1 slo
015 ## - NATIONAL BIBLIOGRAPHY NUMBER
National bibliography number SNBA2004/08-04441
020 ## - INTERNATIONAL STANDARD BOOK NUMBER
International Standard Book Number 8085487659
035 ## - SYSTEM CONTROL NUMBER
System control number SNK000434728
035 ## - SYSTEM CONTROL NUMBER
System control number urn:nbn:sk:snk-amjdpd
035 ## - SYSTEM CONTROL NUMBER
System control number urn:nbn:sk:snk-am003edt
035 ## - SYSTEM CONTROL NUMBER
System control number C9534B96-15A7-4587-8573-F83015813A2B
039 #9 - LEVEL OF BIBLIOGRAPHIC CONTROL AND CODING DETAIL [OBSOLETE]
Level of rules in bibliographic description 202402261720
Level of effort used to assign nonsubject heading access points VLOAD
Level of effort used to assign subject headings 201607281314
Level of effort used to assign classification AUTHORITY
Level of effort used to assign subject headings 201606022116
Level of effort used to assign classification AUTHORITY
Level of effort used to assign subject headings 201508271306
Level of effort used to assign classification VLOAD
040 ## - CATALOGING SOURCE
Original cataloging agency SNK
Language of cataloging slo
Transcribing agency SNK
Modifying agency SVKBB
Description conventions AACR2
041 1# - LANGUAGE CODE
Language code of text/sound track or separate title slo
Language code of original ita
044 ## - COUNTRY OF PUBLISHING/PRODUCING ENTITY CODE
MARC country code xo
ISO country code SK
072 #7 - SUBJECT CATEGORY CODE
Subject category code 17
Subject category code subdivision Etika. Morálna filozofia
Source konspekt
080 ## - UNIVERSAL DECIMAL CLASSIFICATION NUMBER
Universal Decimal Classification number 821-84
Edition identifier 1981
080 ## - UNIVERSAL DECIMAL CLASSIFICATION NUMBER
Universal Decimal Classification number 2-423.79
Edition identifier 1981
080 ## - UNIVERSAL DECIMAL CLASSIFICATION NUMBER
Universal Decimal Classification number 177.6
Edition identifier 1981
080 ## - UNIVERSAL DECIMAL CLASSIFICATION NUMBER
Universal Decimal Classification number 17.02
Edition identifier 1981
080 ## - UNIVERSAL DECIMAL CLASSIFICATION NUMBER
Universal Decimal Classification number (0:82-84)
Edition identifier 1981
080 ## - UNIVERSAL DECIMAL CLASSIFICATION NUMBER
Universal Decimal Classification number (094.9)
Edition identifier 1981
130 10 - MAIN ENTRY--UNIFORM TITLE
Uniform title Parole del cuore
Language of a work Slovensky
245 00 - TITLE STATEMENT
Title Slovom srdca
Remainder of title 365 myšlienok o láske
Statement of responsibility, etc. vybral a usporiadal Wilhelm Mühs ; [z talianskeho originálu ... preložila Katarína Jančišinová ; verše preložil Michal Chuda]
250 ## - EDITION STATEMENT
Edition statement 2. vyd.
260 ## - PUBLICATION, DISTRIBUTION, ETC.
Place of publication, distribution, etc. Bratislava
Name of publisher, distributor, etc. Nové mesto
Date of publication, distribution, etc. 2000
490 1# - SERIES STATEMENT
Series statement 365 myšlienok
504 ## - BIBLIOGRAPHY, ETC. NOTE
Bibliography, etc. note Menný reg.
650 07 - SUBJECT ADDED ENTRY--TOPICAL TERM
Topical term or geographic name entry element myšlienky
Source of heading or term SNK
650 07 - SUBJECT ADDED ENTRY--TOPICAL TERM
Topical term or geographic name entry element citáty
General subdivision láska
Source of heading or term SNK
650 07 - SUBJECT ADDED ENTRY--TOPICAL TERM
Topical term or geographic name entry element láska
Source of heading or term SNK
650 07 - SUBJECT ADDED ENTRY--TOPICAL TERM
Topical term or geographic name entry element životná múdrosť
Source of heading or term SNK
655 #7 - INDEX TERM--GENRE/FORM
Genre/form data or focus term umelecká literatúra
Source of term SNK
655 #7 - INDEX TERM--GENRE/FORM
Genre/form data or focus term citáty
Source of term SNKPH
655 #7 - INDEX TERM--GENRE/FORM
Genre/form data or focus term zborníky
Source of term SNKPH
700 1# - ADDED ENTRY--PERSONAL NAME
Personal name Mühs, Wilhelm,
Dates associated with a name 1934-2002
Relationship com
700 1# - ADDED ENTRY--PERSONAL NAME
Personal name Jančišinová, Katarína
Relationship trl
700 1# - ADDED ENTRY--PERSONAL NAME
Personal name Chuda, Michal,
Dates associated with a name 1947-
Relationship trl
830 #0 - SERIES ADDED ENTRY--UNIFORM TITLE
Uniform title 365 myšlienok
942 ## - ADDED ENTRY ELEMENTS (KOHA)
Source of classification or shelving scheme Dewey Decimal Classification
Koha item type Krásna literatúra pre dospelých
Suppress in OPAC No
949 ## - LOCAL PROCESSING INFORMATION (OCLC)
6 17A0432341
9 P60, <03>, [BOOK], {603}
a snkSD 74112
b snkD 854/2004
949 ## - LOCAL PROCESSING INFORMATION (OCLC)
6 17A0434609
9 P60, <04>, [BOOK], {604}
a snkSD 74112 D1
b snkD 855/2004
s 6100:20140925
949 ## - LOCAL PROCESSING INFORMATION (OCLC)
6 270001000454121
a svkbbA 141714
b svkbbm 745098
Holdings
Stav vyradenia Strata Poškodenie Spôsob nadobudnutia Domovská knižnica Aktuálna knižnica Dátum nadobudnutia Total checkouts Čiarový kód exemplára Date last seen Typ exemplára
      Dar Obecná knižnica Horná Štubňa Obecná knižnica Horná Štubňa 27.01.2026   9788085487657 27.01.2026 Krásna literatúra pre dospelých
Projekt je podporený Slovenskou asociáciou knižníc
Prevádzkuje Turčianska knižnica Martin 2026